000 00304nam a22001337a 4500
008 170704b xxu||||| |||| 00| 0 eng d
020 _a9780679727262
041 _aeng
080 _a82
100 _a22
101 _aGJL
245 _aTHE REAL LIFE OF INTERNATIONAL
_cNABOKOV.V
942 _2udc
_cBK
999 _c19905
_d19905